| 000 | 01546nam0a22003491 4500 | ||
|---|---|---|---|
| 001 | rc\742 | ||
| 005 | 20021204101605.0 | ||
| 010 |
_a5-210-02164-5 _950000 |
||
| 035 | _a(NLR Aleph) 005291548 | ||
| 090 |
_a6195487 _c6195487 |
||
| 100 | _a20021204d1991 u |0rusy50 ca | ||
| 101 | 0 | _arus | |
| 102 | _aRU | ||
| 105 | _ay ||||||||| | ||
| 200 | 1 |
_aВосемь одноактных пьес и инсценированных рассказов _eТеатр. б-ка "Сатирикона" _fАркадий Аверченко _g[Вступ. ст., сост. и примеч. И. Ерыкаловой] |
|
| 210 |
_aЛ. _cИскусство. Ленингр. отд-ние _d1991 |
||
| 215 |
_a75, [2] с. _d20 |
||
| 327 | 1 | _aСодерж.: Четверо; Рыцарь индустрии; Конец любви; Юбилей антрепренера; Без ключа; Красивая женщина; Настоящие парни; Гололедица | |
| 464 | 0 | _12001#$aЧетверо | |
| 464 | 0 | _12001#$aРыцарь индустрии | |
| 464 | 0 | _12001#$aКонец любви | |
| 464 | 0 | _12001#$aЮбилей антрепренера | |
| 464 | 0 | _12001#$aБез ключа | |
| 464 | 0 | _12001#$aКрасивая женщина | |
| 464 | 0 | _12001#$aНастоящие парни | |
| 464 | 0 | _12001#$aГололедица | |
| 700 | 1 |
_aАверченко _bА. Т. _f1881-1925 _gАркадий Тимофеевич |
|
| 801 | 0 |
_aRU _bNLR _gpsbo |
|
| 801 | 1 |
_aRU _bELAR _2rusmarc |
|
| 852 |
_aNLR _j91-4/3793 |
||
| 942 | _cBOOK | ||
| 980 | _aNB | ||